000 00664nam a2200277Ia 4500
005 20260324144314.0
008 008 260324s9999 xx 000 0 eng d
020 _a9781315637426
037 _aEBOOK
040 _aCRL
040 _beng
040 _cCRL
041 _2eng
041 _aeng
084 _qCRL
100 _aG. Denes; C. Semenza; P. Bisiacchi
_91218829
245 0 _aPerspectives on Cognitive Neuropsychology
260 _bTaylor and Francis
260 _c1988
365 _a
365 _b205
856 _uhttp://www.taylorfrancis.com/books/9781315637426
942 _cEBOOK
999 _c1825295
_d1825295